Statistics for First U.S. States to Reach 100k Population

Click here to take the quiz!

General Stats

  • This quiz has been taken 64 times
  • The average score is 15 of 15

Answers on the Map

Answers color-coded by a green-red scale on the quiz's map according to % correct below.
 

Answer Stats

DecadeState% Correct
1760sNew Jersey
100%
1750sNew York
100%
1790sMaine
98%
1730sMaryland
98%
1720sMassachusetts
98%
1750sNorth Carolina
98%
1740sPennsylvania
98%
1760sSouth Carolina
98%
1720sVirginia
98%
1740sConnecticut
96%
1790sGeorgia
96%
1790sKentucky
96%
1780sNew Hampshire
96%
1790sVermont
95%
1790sTennessee
93%

Score Distribution

Percentile by Number Answered

Percent of People with Each Score

Your Score History

You have not taken this quiz